000 01266nam a22003257a 4500
003 CHAP
005 20220817041815.0
008 971013s1982 r 00010 d
010 _a25127
011 _a26099
035 _a30199
040 _cCHAP
082 _a633.73
_bI51
110 _aInstituto Interamericano de Cooperación para la Agricultura
245 1 _aInforme sobre enfoque y actualización miembros del PROMECAFE
_b: en relación a la roya del cafeto
260 _aSan Salvador :
_bInstituto Interamericano de Cooperación para la Agricultura,
_c1982
300 _a142 p
490 _aSerie: Ponencias, resultados y recomendaciones de eventos técnicos
_v; 272
590 _aBATCH-UPD
_b10
_c20130110
_lUCH01
_h0853
590 _aBATCH-UPD
_b10
_c20130410
_lUCH01
_h0525
590 _aBATCH-UPD
_b10
_c20130914
_lUCH01
_h0808
590 _aCONVERSION
_b10
_c20130109
_lUCH01
_h1315
650 1 4 _aCafé
_xEnfermedades.
_917136
650 1 4 _aHemileia vastatrix.
_953502
830 0 0 _aSerie ponencias, resultados y recomendaciones de eventos técnicos
_v; 272
901 _aBK
942 _cLIBRO
949 _a633.73 I51
_bBC
_cLIBRO
_d33724000198875
_eLIBRO
_fc.2
_h60349
_i30199
_sb
949 _a633.73 I51
_bBC
_cLIBRO
_d33724000198883
_eLIBRO
_h60348
_i30199
_si
999 _c25127
_d25127